Pharmaceutical Compounding and Dispensing (Record no. 11432)

MARC details
000 -LEADER
fixed length control field 00419nam a22001697a 4500
003 - CONTROL NUMBER IDENTIFIER
control field OSt
008 - FIXED-LENGTH DATA ELEMENTS--GENERAL INFORMATION
fixed length control field 220709b ||||| |||| 00| 0 eng d
020 ## - INTERNATIONAL STANDARD BOOK NUMBER
International Standard Book Number 9780853695752
082 ## - DEWEY DECIMAL CLASSIFICATION NUMBER
Classification number 615.4 MAP
100 ## - MAIN ENTRY--PERSONAL NAME
Personal name MARRIOTT, John F etc
245 ## - TITLE STATEMENT
Title Pharmaceutical Compounding and Dispensing
250 ## - EDITION STATEMENT
Edition statement 1st
260 ## - PUBLICATION, DISTRIBUTION, ETC. (IMPRINT)
Place of publication, distribution, etc London
Name of publisher, distributor, etc PHP Press
Date of publication, distribution, etc 2009
300 ## - PHYSICAL DESCRIPTION
Extent 277
650 ## - SUBJECT ADDED ENTRY--TOPICAL TERM
Topical term or geographic name as entry element Pharmacy General Books
942 ## - ADDED ENTRY ELEMENTS (KOHA)
Source of classification or shelving scheme Dewey Decimal Classification
Koha item type Text Books
Holdings
Withdrawn status Lost status Source of classification or shelving scheme Damaged status Not for loan Collection code Home library Current library Date acquired Source of acquisition Currency Cost, normal purchase price Bill Number Total Checkouts Full call number Acc. no. / Barcode Date last seen Actual Cost, discounted price Bill Date Koha item type
    Dewey Decimal Classification     B.Pharma PIET C-LIBRARY PIET C-LIBRARY 08/07/2022 Kirti Prakashan In Rupees 1895.00 IN478   615.4 MAP BP1822 09/07/2022 1516.00 06/07/2022 Reference Books
    Dewey Decimal Classification     B.Pharma PIET C-LIBRARY PIET C-LIBRARY 08/07/2022 Kirti Prakashan In Rupees 1895.00 IN478   615.4 MAP BP1823 09/07/2022 1516.00 06/07/2022 Text Books

Design & Developed by: PIET Central Library
R70 Miles Stone Pattikalyana Samalkha Panipat 132102
mail ID :- [email protected], Phone No:- 0180-2569700 Ex.216